Crisis ambiental y relaciones internacionales : (Registro nro. 7946)

Detalles MARC
000 -LEADER
fixed length control field 01325nam a2200253Ia 4500
003 - CONTROL NUMBER IDENTIFIER
control field OSt
005 - DATE AND TIME OF LATEST TRANSACTION
control field 20210525181417.0
008 - FIXED-LENGTH DATA ELEMENTS--GENERAL INFORMATION
fixed length control field 210310s1994 ck gr 000 0 spa d
020 ## - INTERNATIONAL STANDARD BOOK NUMBER
International Standard Book Number 958906177X
040 ## - CATALOGING SOURCE
Original cataloging agency CO-JMCR
Transcribing agency CO-JMCR
041 0# - LANGUAGE CODE
Language code of text/sound track or separate title spa
082 04 - DEWEY DECIMAL CLASSIFICATION NUMBER
Classification number 333.72861 /
Item number R696c
Edition number 23
100 1# - MAIN ENTRY--PERSONAL NAME
Personal name Rodríguez Becerra, Manuel,
9 (RLIN) 15894
Relator term autor
245 10 - TITLE STATEMENT
Title Crisis ambiental y relaciones internacionales :
Remainder of title hacia una estrategia colombiana /
Statement of responsibility, etc. Manuel Rodríguez Becerra
260 ## - PUBLICATION, DISTRIBUTION, ETC.
Place of publication, distribution, etc. Bogotá :
Name of publisher, distributor, etc. Cerec :
-- Fescol :
-- Fundación Alejandro A. Escobar,
Date of publication, distribution, etc. 1994
300 ## - PHYSICAL DESCRIPTION
Extent 203 páginas ;
Dimensions 21 cm.
490 0# - SERIES STATEMENT
Series statement Cerec: Serie ecológica ;
Volume/sequential designation N°6
500 ## - GENERAL NOTE
General note Incluye notas a pie de página.
505 0# - FORMATTED CONTENTS NOTE
Formatted contents note La generación sustentable -- La gestación de la conciencia ambiental planetaria: De Estocolmo a Rio -- La cumbre de la tierra y los compromisos globales -- Comercio y medio ambiente: tema crítico en la agenda internacional -- Financiación: Tema álgido en la negociación Norte-Sur -- El cambio climático -- Biodiversidad: oportunidades para su desarrollo sostenible -- Un ministerio post-rio
650 14 - SUBJECT ADDED ENTRY--TOPICAL TERM
Topical term or geographic name entry element Protección del medio ambiente
9 (RLIN) 15896
Geographic subdivision Colombia
650 14 - SUBJECT ADDED ENTRY--TOPICAL TERM
Topical term or geographic name entry element Conservación de los recursos naturales
General subdivision Legislación
Geographic subdivision Colombia
9 (RLIN) 37886
651 #4 - SUBJECT ADDED ENTRY--GEOGRAPHIC NAME
Geographic name Colombia
General subdivision Política ambiental
9 (RLIN) 37887
942 ## - ADDED ENTRY ELEMENTS (KOHA)
Source of classification or shelving scheme Dewey Decimal Classification
Koha item type Books
Existencias
Withdrawn status Lost status Source of classification or shelving scheme Damaged status Not for loan Collection code Home library Current library Date acquired Source of acquisition Full call number Barcode Date last seen Copy number Koha item type
    Dewey Decimal Classification     Non-fiction Biblioteca Pública José María del Castillo y Rada Biblioteca Pública José María del Castillo y Rada 04/15/2018 Donación 333.72861 / R696c 430003619 05/16/2024 Ej.1 Books